Básnik slovenskej moderny K stému výročiu narodenia Vladimíra Roya

Bibliographic Details
Main Author: Varga, Jozef, 1947- (Author)
Format: Article
Language:Slovak
Subjects:

MARC

LEADER 00000nab a2200000 a 4500
001 vtls000214038
003 SK-MaSNL
005 20260305023055.0
008 160215c1985 xo 0 slo
015 |a SNBRB19rr/mm-uuuuu 
035 |a CL0224152 
040 |a SNKBUCL  |b slo  |c SNKBUCL  |e AACR2 
041 0 |a slo 
044 |a xo  |c SK 
080 |a 82:929:885.4  |2 1981 
080 |a 929  |2 1981 
080 |a 885.4  |2 1981 
100 1 |a Varga, Jozef,  |d 1947-  |4 aut  |9 26674 
245 1 0 |a Básnik slovenskej moderny  |b K stému výročiu narodenia Vladimíra Roya  |c Jozef Varga 
600 1 7 |a Roy, Vladimír,  |d 1885-1936  |2 snkbucl  |9 19274 
655 7 |a články z novín a časopisov  |2 snkbucl  |9 267496 
655 7 |a články z odboru literárna veda a krásna literatúra  |2 snkbucl  |9 770045 
773 0 |t Práca  |g Roč. 40, č. 90 (17. 4. 1985), s. 6 
850 |a Slovenská národná knižnica v Martine  |a MTA001 
852 |a SNK  |b KIS3GCP 
958 |a BX 
958 |a RK 
958 |a LX 
992 |a RBX 
999 |c 3294561  |d 3296491